BUBT Library Online Catalog

International Marketing Analysis & Strategy. (Record no. 1139)

000 -LEADER
fixed length control field 00701nam a2200229Ia 4500
003 - CONTROL NUMBER IDENTIFIER
control field BUBTL
008 - FIXED-LENGTH DATA ELEMENTS--GENERAL INFORMATION
fixed length control field 151213s9999 xx 000 0 und d
020 ## - INTERNATIONAL STANDARD BOOK NUMBER
International Standard Book Number 81-203-1238-4
082 ## - DEWEY DECIMAL CLASSIFICATION NUMBER
Classification number 658.8/ONI
100 ## - MAIN ENTRY--PERSONAL NAME
Personal name Sak Onk Visit & John J. Shaw
9 (RLIN) 2609
245 ## - TITLE STATEMENT
Title International Marketing Analysis & Strategy.
Statement of responsibility, etc. Sak Onk Visit & John J. Shaw
250 ## - EDITION STATEMENT
Edition statement 3rd
260 ## - PUBLICATION, DISTRIBUTION, ETC. (IMPRINT)
Place of publication, distribution, etc. New Delhi
Name of publisher, distributor, etc. Prentice hall
Date of publication, distribution, etc. 2000
300 ## - PHYSICAL DESCRIPTION
Extent [xviii],750p.:
Other physical details Graph, Table;25cm.
Dimensions Marketing.
500 ## - GENERAL NOTE
General note Includes index.
650 ## - SUBJECT ADDED ENTRY--TOPICAL TERM
Topical term or geographic name as entry element Marketing
9 (RLIN) 2610
650 ## - SUBJECT ADDED ENTRY--TOPICAL TERM
Topical term or geographic name as entry element Marketing
9 (RLIN) 2610
700 ## - ADDED ENTRY--PERSONAL NAME
Personal name Sak Onk Visit & John J. Shaw
9 (RLIN) 2609
856 ## - ELECTRONIC LOCATION AND ACCESS
Password 0
Logon 0
Link text Download
942 ## - ADDED ENTRY ELEMENTS (KOHA)
Source of classification or shelving scheme
Koha item type Books
Holdings
Withdrawn status Lost status Source of classification or shelving scheme Damaged status Not for loan Collection code Permanent location Current location Shelving location Date acquired Inventory number Total Checkouts Full call number Barcode Date last seen Copy number Price effective from Koha item type
          Non-fiction Bangladesh University of Business and Technology Library Bangladesh University of Business and Technology Library Marketing Stacks 12/14/2019 1370   658.8/ONI BUBTL-20031370 12/14/2019 C-1 12/14/2019 Books
          Non-fiction Bangladesh University of Business and Technology Library Bangladesh University of Business and Technology Library Marketing Stacks 02/04/2020 1371   658.8/ONI BUBTL-20031371 02/04/2020 C-2 02/04/2020 Books

More Information About Library

Library Hours

  • Open: 9.00 am. to 9.00 pm.
  • Only Sunday: 9.00 am. to 6.00 pm.
  • Closed: Holiday

Contact to the University

Bangladesh University of Business and Technology Library

  • Mirpurl-2, 1216.
  • Phone:
  • Fax:
  • E-Mail: admin.library@bubt.edu.bd

Contact to the Library

Contact Person:

Md. Abdul Hakim Shah
Joint Librarian
PABX No:  113
Cell No: 01816332931
E-mail: official: admin.library@bubt.edu.bd
Personal: hakim.shah@bubt.edu.bd


BUBT Library

Copyright © 2021